[Event "Titled Tue 24th Jun Early"]
[Site "chess.com INT"]
[Date "2025.06.24"]
[Round "4"]
[White "Roebers, Eline"]
[Black "Jval Saurin Patel"]
[Result "1-0"]
[WhiteTitle "IM"]
[BlackTitle "FM"]
[WhiteElo "2356"]
[BlackElo "2331"]
[WhiteFideId "1058401"]
[BlackFideId "25968343"]
[EventDate "2025.06.24"]

1. e4 e6 2. d4 d5 3. Nc3 Nf6 4. e5 Nfd7 5. Nce2 c5 6. c3 Nc6 7. Nf3 b5 8. h4 a5
9. g3 Be7 10. Bh3 O-O 11. O-O Kh8 12. Nf4 b4 13. Ng5 Bxg5 14. hxg5 Ba6 15. Re1
g6 16. Kg2 a4 17. Rh1 Re8 18. Qg4 cxd4 19. Qh4 Nf8 20. cxd4 Nxd4 21. Nxg6+ Nxg6
22. Qxd4 Qc7 23. Be3 Qc4 24. Qd2 Qe4+ 25. f3 Qd3 26. Rhd1 Qxd2+ 27. Bxd2 b3 28.
Bc3 Bc4 29. a3 Ne7 30. Kf2 Nc6 31. f4 Kg7 32. Bg2 h6 33. gxh6+ Kxh6 34. f5 exf5
35. Bxd5 Bxd5 36. Rxd5 Rad8 37. Rad1 Rxd5 38. Rxd5 Re6 39. Rc5 Kg5 40. Kf3 Rg6
41. Rc4 Re6 42. Rxa4 Nxe5+ 43. Bxe5 Rxe5 44. Rb4 Re1 45. Rxb3 Rf1+ 46. Kg2 Rb1
47. Rb4 Ra1 48. a4 Ra2 49. Kf3 Ra1 50. b3 Rf1+ 51. Kg2 Ra1 52. Rb5 Kg4 53. Rb4+
Kg5 54. Kf2 Ra2+ 55. Kf3 Ra1 56. g4 Rf1+ 57. Kg2 Rb1 58. gxf5 Kxf5 59. Kf3 Ke5
60. Rb5+ Kd4 61. Kf4 Rf1+ 62. Kg3 Kc3 63. Kg2 Rf6 64. a5 Ra6 65. b4 Kc4 66. Rb6
Ra8 67. Kf3 f5 68. Kf4 Kd5 69. Kxf5 Rf8+ 70. Kg4 Rf2 71. a6 Rb2 72. b5 Ra2 73.
Rb7 Kc5 74. a7 1-0

[Event "Titled Tue 24th Jun Early"]
[Site "chess.com INT"]
[Date "2025.06.24"]
[Round "4"]
[White "Ilinca, Felix-Antonio"]
[Black "Lazavik, Denis"]
[Result "0-1"]
[WhiteTitle "IM"]
[BlackTitle "GM"]
[WhiteElo "2431"]
[BlackElo "2580"]
[WhiteFideId "54764998"]
[BlackFideId "13515110"]
[EventDate "2025.06.24"]

1. d4 Nf6 2. c4 g6 3. Nc3 Bg7 4. e4 d6 5. Be2 O-O 6. Nf3 Nbd7 7. Be3 e5 8. d5
Ng4 9. Bg5 f6 10. Bh4 Nh6 11. Nd2 Nf7 12. f3 Bh6 13. Bf2 f5 14. Qc2 Nf6 15. h3
f4 16. O-O-O b6 17. Kb1 a5 18. h4 Nh5 19. Nb5 Bd7 20. Nf1 Rc8 21. Na7 Ra8 22.
Nb5 Bg7 23. g4 fxg3 24. Nxg3 Nf4 25. h5 g5 26. Be3 Nh6 27. Rdg1 Rf7 28. Bd1 Kh8
29. Ka1 Rc8 30. Na7 Ra8 31. Nb5 Be8 32. Ne2 Rf8 33. Ng3 Bf6 34. Qh2 Qe7 35. Bc2
a4 36. a3 Ra5 37. Nc3 Bd7 38. Qd2 Raa8 39. Nb5 Bxb5 40. cxb5 Ra5 41. Rc1 Qd7 42.
Qb4 Rfa8 43. Qc4 R8a7 44. Ne2 Qxb5 45. Qxb5 Rxb5 46. Nc3 Rba5 47. Rh2 Kg7 48.
Na2 Nf7 49. Nb4 Nd8 50. Bd1 Rb7 51. Nc6 Nxc6 52. Rxc6 Kh6 53. Ka2 Ra8 54. Bd2 b5
55. Bb4 Rf8 56. Ba5 Rf7 57. Rhc2 Bd8 58. Rh2 Nd3 59. Bc3 Kg7 60. h6+ Kg8 61. Be2
Nc5 62. Bb4 Nb3 63. Bc3 Nd4 64. Bxd4 exd4 65. Rg2 Kf8 66. Bd1 Bf6 67. Rgc2 Be5
68. Be2 Ke8 69. Ra6 Rf6 70. Ra5 Rxh6 71. Bxb5+ Ke7 72. Bc6 d3 73. Rd2 Rb6 74.
Rxa4 Rh3 75. b4 Rxf3 76. Ra7 g4 77. Rxc7+ Kf6 78. Rxh7 g3 79. Rh5 Kg6 80. Rh3
Kg5 81. Kb3 Kf4 82. Kc4 g2 83. Rxf3+ Kxf3 84. Rxd3+ Ke2 0-1

[Event "Titled Tue 24th Jun Early"]
[Site "chess.com INT"]
[Date "2025.06.24"]
[Round "4"]
[White "Shubenkova, Veronika"]
[Black "Ivashentseva, Dominika"]
[Result "0-1"]
[WhiteTitle "WFM"]
[BlackTitle "WCM"]
[WhiteElo "2031"]
[BlackElo "1969"]
[WhiteFideId "44124040"]
[BlackFideId "34331050"]
[EventDate "2025.06.24"]

1. h4 d5 2. Nf3 c5 3. b3 Nc6 4. Bb2 Nf6 5. e3 e6 6. Be2 Bd6 7. h5 h6 8. d4 b6 9.
c4 cxd4 10. Nxd4 Nxd4 11. Qxd4 dxc4 12. Qxc4 Bb7 13. Qa4+ Kf8 14. Nc3 Bxg2 15.
Rg1 Bb7 16. Rd1 Qe7 17. a3 Rg8 18. Nb5 Bh2 19. Bxf6 Qxf6 20. Rg4 a6 21. Nd6 Qc3+
22. Kf1 Bc6 23. Qc4 Qxc4 24. Nxc4 Bc7 25. Rc1 Bd5 26. Nd2 Bd6 27. b4 Ke7 28. e4
Bb7 29. Nc4 Rac8 30. Rd1 Bc7 31. e5 Bd5 32. Ne3 Bb7 33. f4 b5 34. Rg3 Bb6 35.
Ng4 Rgd8 36. Rxd8 Kxd8 37. Rd3+ Ke7 38. Ke1 Be4 39. Rg3 Bf5 40. Ne3 Rc1+ 41. Kd2
Bxe3+ 42. Rxe3 Rc2+ 43. Kd1 Rc7 44. Bf3 Rd7+ 45. Ke2 Rd4 46. Rc3 Rxf4 47. Rc7+
Kd8 48. Ra7 Bg4 49. Bxg4 Rxg4 50. Rxf7 Re4+ 51. Kd3 Rxe5 52. Rxg7 Rxh5 53. Rg6
Rd5+ 54. Ke4 Ke7 55. Rxh6 Kd6 56. Rh7 Rg5 57. Ra7 Rg4+ 58. Kf3 Rc4 59. Rxa6+ Ke5
60. Ke3 Rc3+ 61. Kd2 Rh3 62. Ra5 Kd4 63. Rxb5 Rh2+ 64. Ke1 e5 65. a4 e4 66. Rb8
Ke3 67. Kf1 Ra2 68. Rc8 Rxa4 0-1

[Event "Titled Tue 24th Jun Early"]
[Site "chess.com INT"]
[Date "2025.06.24"]
[Round "4"]
[White "Bluebaum, Matthias"]
[Black "Adewumi, Tanitoluwa"]
[Result "1/2-1/2"]
[WhiteTitle "GM"]
[BlackTitle "FM"]
[WhiteElo "2663"]
[BlackElo "2362"]
[WhiteFideId "24651516"]
[BlackFideId "30966396"]
[EventDate "2025.06.24"]

1. d4 Nf6 2. c4 e6 3. Nc3 Bb4 4. e3 O-O 5. Bd2 b6 6. Nf3 Bb7 7. Bd3 Bxc3 8. Bxc3
Ne4 9. Bxe4 Bxe4 10. d5 c5 11. Nd2 Bg6 12. h4 exd5 13. cxd5 Bd3 14. Qg4 f6 15.
e4 b5 16. Rh3 c4 17. a4 Na6 18. axb5 Nc5 19. Bb4 Qb6 20. Bxc5 Qxc5 21. Qxd7 Qb4
22. Ra2 Bb1 23. Raa3 Qxb2 24. Rhc3 Bd3 25. f3 Qb4 26. Qc7 Rac8 27. Qxa7 Ra8 28.
Qxa8 Rxa8 29. Rxa8+ Kf7 30. Raa3 Qc5 31. Rxd3 cxd3 32. Rxd3 Qxb5 33. Ke2 Ke7 34.
g4 Kd6 35. h5 g6 36. hxg6 hxg6 37. Ke3 Qc5+ 38. Ke2 Qb5 39. f4 g5 40. e5+ fxe5
41. fxg5 Qb4 42. g6 Qxg4+ 43. Ke1 Qg1+ 44. Ke2 Qg2+ 45. Kd1 Qxg6 46. Ra3 Kxd5
47. Ra5+ Kd4 48. Nf3+ Ke3 49. Ra3+ Kf4 50. Nd2 Qg1+ 51. Kc2 Qc5+ 52. Rc3 Qd5 53.
Kd1 e4 54. Ke2 Qb5+ 55. Ke1 Qh5 56. Nf1 Qh4+ 57. Ke2 Qg4+ 58. Kf2 Ke5 59. Re3
Kd4 60. Ke1 Qf4 61. Re2 Qc1+ 62. Kf2 Kd3 63. Re3+ Kd4 64. Re2 Ke5 65. Ng3 Qc5+
66. Kg2 Kf4 67. Rxe4+ Kg5 68. Re2 Qd5+ 69. Kh3 Qf3 70. Re5+ Kg6 71. Re6+ Kf7 72.
Re5 Kg7 73. Re7+ Kf6 74. Re1 Qd3 75. Rf1+ Kg6 76. Rf5 Qb1 77. Rf4 Qg1 78. Rg4+
Kh7 79. Rh4+ Kg6 80. Rg4+ Kf7 81. Rf4+ Ke6 82. Re4+ Kd5 83. Rf4 Qa7 84. Rf5+ Ke6
85. Rf4 Qh7+ 86. Rh4 Qg6 87. Re4+ Qxe4 88. Nxe4 1/2-1/2

[Event "Titled Tue 24th Jun Early"]
[Site "chess.com INT"]
[Date "2025.06.24"]
[Round "4"]
[White "Kosteniuk, Alexandra"]
[Black "Yang, Larry"]
[Result "1-0"]
[WhiteTitle "GM"]
[WhiteElo "2474"]
[BlackElo "2017"]
[WhiteFideId "4128125"]
[BlackFideId "2637618"]
[EventDate "2025.06.24"]

1. e4 c5 2. d4 cxd4 3. Qxd4 Nc6 4. Qd3 g6 5. Nc3 Bg7 6. Nf3 d6 7. Be2 Nf6 8. O-O
O-O 9. Nd5 Bg4 10. c3 Bxf3 11. Qxf3 Nxd5 12. exd5 Ne5 13. Qe4 Rc8 14. a4 Qc7 15.
a5 Rfe8 16. a6 b6 17. Bb5 Rf8 18. Bg5 Bf6 19. Bxf6 exf6 20. Qa4 Qc5 21. Rad1 Nc4
22. b4 Qc7 23. Qa2 Ne5 24. c4 Qe7 25. Rfe1 Qd8 26. Rd4 Rc7 27. Qe2 Re7 28. Qf1
f5 29. h3 Nd7 30. Rd2 Rfe8 31. Rde2 Rxe2 32. Rxe2 Rxe2 33. Qxe2 Kf8 34. f4 Nf6
35. Qb2 Qe7 36. Kh2 h6 37. Qd4 Kg7 38. c5 bxc5 39. bxc5 dxc5 40. d6 Qd8 41. Qxc5
Ne4 42. Qe5+ Kg8 43. d7 Nf6 44. Qc5 Nxd7 45. Qd6 Qb6 46. Qxd7 Qf2 47. Qc7 g5 48.
fxg5 hxg5 49. Qg3 Qd2 50. Bd3 Qc1 51. Bxf5 Kg7 52. h4 f6 53. hxg5 fxg5 54. Qe5+
Kf7 55. Qe6+ Kf8 56. Qf6+ Ke8 57. Bg6+ Kd7 58. Qf5+ Kd8 59. Qd3+ Ke7 60. Qe4+
Kf6 61. Qf5+ Ke7 62. Qf7+ Kd8 63. Bh5 Qe3 64. Bg4 Qe5+ 65. Kg1 Qd4+ 66. Kh1 Qh8+
67. Qh5 Qa1+ 68. Kh2 Qe5+ 69. g3 Qb2+ 70. Be2 Qe5 71. Qg4 Kc7 72. Qf3 Kd8 73.
Qd3+ Ke7 74. Kg2 Qc5 75. Qe4+ Kd8 76. Qd3+ Kc7 77. Qf3 Kb6 78. Qb7+ Ka5 79. Qb2
Qd5+ 80. Bf3 Qc5 81. Qa2+ Kb6 82. Be2 Kc7 83. Kh3 Qc6 84. Kg4 Qc5 85. Bf3 Qe5
86. Qc4+ Kd6 87. Qc6+ Ke7 88. Qe4 Kf6 89. Qxe5+ Kxe5 90. Kxg5 1-0

[Event "Titled Tue 24th Jun Early"]
[Site "chess.com INT"]
[Date "2025.06.24"]
[Round "4"]
[White "Sericano, Claudio"]
[Black "Alikulov, Elbek"]
[Result "1-0"]
[WhiteTitle "FM"]
[BlackTitle "IM"]
[WhiteElo "2260"]
[BlackElo "2305"]
[WhiteFideId "800473"]
[BlackFideId "14203308"]
[EventDate "2025.06.24"]

1. e4 e6 2. d4 d5 3. Bd3 dxe4 4. Bxe4 Nf6 5. Bf3 Be7 6. Ne2 c6 7. O-O Nbd7 8.
Re1 O-O 9. c3 Qc7 10. Bf4 Bd6 11. Bxd6 Qxd6 12. Nd2 b6 13. Ng3 Bb7 14. Nc4 Qc7
15. a4 c5 16. a5 Bxf3 17. Qxf3 cxd4 18. Na3 dxc3 19. Rac1 Qc5 20. axb6 axb6 21.
Rxc3 Qg5 22. Nc4 b5 23. Nd6 b4 24. Rc7 Nb6 25. Qc6 Nfd5 26. Rb7 Nc8 27. Rxf7
Nxd6 28. Rxf8+ Rxf8 29. Qxd6 Nf4 30. Qe5 Qxe5 31. Rxe5 Nd3 32. Rb5 Nxb2 33. Rxb4
Nd3 34. Re4 e5 35. f3 Ra8 36. Re3 Ra1+ 37. Nf1 Nc5 38. Rxe5 Nb3 39. Re2 Nd4 40.
Rd2 Nb3 41. Rd3 Nc1 42. Re3 Nb3 43. Rxb3 Rc1 44. Re3 h6 45. Kf2 Ra1 46. g3 Ra2+
47. Re2 Ra5 48. f4 Kh7 49. Ne3 Ra4 50. Ng4 Ra5 51. Ne5 h5 52. Kf3 Kh6 53. f5 Kg5
54. Nd3 Rxf5+ 55. Nf4 Kh6 56. Re6+ Kh7 57. Ke4 Ra5 58. Re5 Ra4+ 59. Kf5 h4 60.
gxh4 Ra2 61. h3 Rf2 62. Kg4 Rf1 63. Re7 Kh6 64. Re6+ Kh7 65. Nh5 Rg1+ 66. Ng3
Kg8 67. h5 Kh7 68. Rg6 Ra1 69. Nf5 Ra7 70. Kg5 Rb7 71. h4 Ra7 72. h6 gxh6+ 73.
Rxh6+ Kg8 74. Rg6+ Kh8 75. h5 Ra5 76. h6 Kh7 77. Rf6 Kh8 78. Kg6 Ra8 79. Nd6
Rg8+ 80. Kf5 Kh7 81. Nf7 Rg5+ 82. Nxg5+ Kh8 83. Rf8# 1-0

[Event "Titled Tue 24th Jun Early"]
[Site "chess.com INT"]
[Date "2025.06.24"]
[Round "4"]
[White "Warchol, Kamil"]
[Black "Nersisyan, Garnik"]
[Result "1/2-1/2"]
[WhiteTitle "FM"]
[BlackTitle "CM"]
[WhiteElo "2113"]
[BlackElo "2035"]
[WhiteFideId "21858241"]
[BlackFideId "13300741"]
[EventDate "2025.06.24"]

1. b4 e6 2. a3 d5 3. Bb2 Nf6 4. e3 Be7 5. Nf3 O-O 6. Be2 Ne4 7. O-O Bf6 8. d4 b6
9. c4 dxc4 10. Bxc4 Ba6 11. Bxa6 Nxa6 12. Nbd2 Nxd2 13. Qxd2 c5 14. Qe2 Nc7 15.
dxc5 Bxb2 16. Qxb2 bxc5 17. bxc5 Qd5 18. Rac1 Na6 19. Qb5 Nc7 20. Qa5 Rfc8 21.
Rfd1 Qc6 22. Nd4 Qe4 23. Rb1 Nd5 24. h3 h6 25. c6 Rc7 26. Rb7 Rcc8 27. Rxa7 Rxa7
28. Qxa7 e5 29. Qb7 Rc7 30. Qa8+ Kh7 31. Nb5 Nb6 32. Qe8 Rxc6 33. Qxf7 Rf6 34.
Qa2 Rg6 35. g3 Qf3 36. Qd2 e4 37. Nd4 Qf6 38. Qc2 Nd5 39. Rf1 Qe5 40. Ne2 h5 41.
Qc4 h4 42. Qd4 Qxd4 43. exd4 hxg3 44. fxg3 Ne3 45. Rf4 Nc2 46. Rxe4 Nxa3 47. Kg2
Nc4 48. Nf4 Nd6 49. Nxg6 Nxe4 50. Nf4 g5 51. Ne2 Kg6 52. Kf3 Nd2+ 53. Ke3 Nc4+
54. Kd3 Nd6 55. Nc3 Nf5 56. Ne2 Kf6 57. Ke4 Ke6 58. d5+ Kf6 59. Kf3 Nd6 60. Kg4
Nf5 61. h4 gxh4 62. gxh4 Ne3+ 63. Kf3 Nxd5 64. Kg4 Kg7 65. Ng3 Nf6+ 66. Kg5 Nh7+
67. Kf5 Nf8 68. Nh5+ Kh6 69. Kg4 Ng6 70. Ng3 Ne5+ 71. Kf4 Ng6+ 72. Kg4 Ne5+ 73.
Kh3 Nf3 74. h5 Ng5+ 75. Kg4 Nf7 76. Nf5+ Kh7 77. Kf4 Nh8 78. Ke5 Nf7+ 79. Kf6
Nd8 80. Ng3 Kh6 81. Kf5 Nf7 82. Kg4 Ne5+ 83. Kh4 Nf3+ 84. Kg4 Nh2+ 85. Kf4 Nf1
86. Nxf1 Kxh5 1/2-1/2

[Event "Titled Tue 24th Jun Early"]
[Site "chess.com INT"]
[Date "2025.06.24"]
[Round "4"]
[White "Cuenca Jimenez, Jose Fernando"]
[Black "Milanovic, Vojislav"]
[Result "0-1"]
[WhiteTitle "GM"]
[BlackTitle "IM"]
[WhiteElo "2487"]
[BlackElo "2293"]
[WhiteFideId "2255570"]
[BlackFideId "905046"]
[EventDate "2025.06.24"]

1. d4 e6 2. Bf4 c5 3. e3 Nf6 4. Nf3 b6 5. Nbd2 Bb7 6. c3 d6 7. h3 Be7 8. Bh2 O-O
9. Bd3 Nbd7 10. O-O Re8 11. a4 a6 12. Re1 Bf8 13. e4 e5 14. dxe5 Nxe5 15. Nxe5
dxe5 16. Nc4 Nd7 17. Ne3 g6 18. Qb3 Bh6 19. Bc4 Qe7 20. Bd5 Bxd5 21. Nxd5 Qd6
22. Red1 Qc6 23. Qc4 Bf8 24. Qe2 c4 25. Ne3 b5 26. Ng4 Bg7 27. f3 h5 28. Ne3 Nc5
29. axb5 axb5 30. Nd5 Nd3 31. Rxa8 Qxa8 32. Kh1 Qa7 33. Bg1 Qb8 34. b3 Qc8 35.
Qc2 Qc6 36. Ra1 Bf8 37. b4 Nf4 38. Qa2 Nxd5 39. exd5 Qxd5 40. Qc2 Qd3 41. Qxd3
cxd3 42. Rd1 Rd8 43. Be3 Bg7 44. Bd2 f5 45. Re1 Re8 46. Kg1 e4 47. fxe4 fxe4 48.
Kf2 Rf8+ 49. Kg1 Re8 50. Kf2 Bf6 51. Ra1 Rf8 52. Kg1 Bh4 53. Be3 Rd8 54. Rd1 Bf6
55. Bd2 e3 56. Bxe3 Bxc3 57. Bc5 d2 58. Kf2 Re8 59. Be3 Bxb4 60. Rb1 Rf8+ 61.
Ke2 Be7 62. Bxd2 Re8 63. Kf3 Rb8 64. Bf4 Rb7 65. Rb3 b4 66. Ke4 Kf7 67. Be5 Ke6
68. Bd4 Rb5 69. Kd3 Kd5 70. Be3 g5 71. Bxg5 Bxg5 72. Rb1 Bf6 73. Rf1 Bc3 74.
Rf5+ Kc6 75. Rf3 Kb6 76. Kc4 Rc5+ 77. Kb3 Kb5 78. g4 hxg4 79. hxg4 Rg5 80. Rf4
Kc5 81. Re4 Kd5 82. Rc4 Re5 83. Rf4 Re4 84. Rf5+ Kd4 85. g5 Rg4 86. Rb5 Rg2 0-1

[Event "Titled Tue 24th Jun Early"]
[Site "chess.com INT"]
[Date "2025.06.24"]
[Round "4"]
[White "Oppezzo, Sebastian"]
[Black "Ivanov, Andrey A."]
[Result "0-1"]
[BlackTitle "CM"]
[WhiteElo "2177"]
[BlackElo "2120"]
[WhiteFideId "112321"]
[BlackFideId "2514311"]
[EventDate "2025.06.24"]

1. d4 Nf6 2. c4 e6 3. g3 Bb4+ 4. Nd2 Qe7 5. Bg2 O-O 6. Nf3 d6 7. O-O Bxd2 8.
Bxd2 a5 9. Qc2 Nc6 10. Bc3 e5 11. Rad1 e4 12. Ng5 Bf5 13. d5 Nb4 14. Qb3 Nfxd5
15. cxd5 Qxg5 16. Bxb4 axb4 17. Qxb4 b6 18. a3 Ra5 19. Rd4 h6 20. Bxe4 Bh3 21.
Bg2 Bxg2 22. Kxg2 Rxd5 23. Rfd1 Rxd4 24. Qxd4 Re8 25. e3 Qb5 26. Rc1 c5 27. Qc3
Qc6+ 28. Kg1 Re5 29. Rd1 Rh5 30. Qd3 d5 31. b3 Qe6 32. Qf1 Qe4 33. Qg2 Qg4 34.
Rxd5 Rxd5 35. Qxd5 Qe2 36. Qd8+ Kh7 37. Qd7 Qe1+ 38. Kg2 Qb1 39. Qb5 Qe4+ 40.
Kg1 Qb1+ 41. Kg2 Qe4+ 42. Kg1 Qg6 43. Qc4 Qc6 44. a4 Qf6 45. Qd3+ g6 46. Qc4 Kg7
47. Kg2 Qc6+ 48. Kg1 Qf6 49. h4 Qa1+ 50. Kh2 Qf6 51. Kg2 h5 52. Kg1 Qc6 53. Kh2
Qf3 54. Kg1 Qd1+ 55. Kg2 Qd6 56. Qc3+ Kh7 57. Qc4 Qc6+ 58. Kg1 Kg7 59. Kh2 Qf3
60. Kg1 Qd1+ 61. Kh2 Qd7 62. Kg1 Qc7 63. Kg2 Qc6+ 64. Kg1 Qb7 65. Kh2 Qe7 66.
Kg1 Qf6 67. Kg2 Qc6+ 68. Kg1 Qd6 69. Qc3+ Kh7 70. Qc4 Qd1+ 71. Kg2 Qd6 72. Qf4
Qd5+ 73. Qf3 Qxb3 74. e4 Qe6 75. Qe3 c4 76. e5 Kg7 77. Qc3 Qd5+ 78. f3 Qe6 79.
f4 Qd5+ 80. Kh3 Qe6+ 81. Kh2 Kh7 82. f5 Qxf5 83. Qxc4 Qxe5 84. Qxf7+ Qg7 85. Qe6
Qb2+ 86. Kh3 Qg7 87. Qxb6 Qd7+ 0-1

[Event "Titled Tue 24th Jun Early"]
[Site "chess.com INT"]
[Date "2025.06.24"]
[Round "4"]
[White "Pandey, Srishti"]
[Black "Araujo Filho, Luiz Antonio Coel"]
[Result "0-1"]
[WhiteTitle "WIM"]
[WhiteElo "2202"]
[BlackElo "2077"]
[WhiteFideId "35093290"]
[BlackFideId "2130661"]
[EventDate "2025.06.24"]

1. e4 c6 2. d4 d5 3. e5 Bf5 4. h4 h5 5. Bd3 Bxd3 6. Qxd3 e6 7. Nf3 Ne7 8. Nbd2
Nf5 9. c4 Be7 10. g3 Na6 11. a3 Nc7 12. O-O O-O 13. b4 a5 14. Rb1 axb4 15. axb4
dxc4 16. Nxc4 Nd5 17. Bg5 Ra4 18. b5 Bxg5 19. hxg5 g6 20. bxc6 bxc6 21. Rfd1 Qe7
22. Rb3 Rd8 23. Rdb1 Qa7 24. Rb7 Qa6 25. Nb2 Qxd3 26. Nxd3 Nxd4 27. Nxd4 Rxd4
28. Nc5 Rg4 29. Ra7 Rxg5 30. Rbb7 Rf5 31. Ne4 Rf8 32. f4 h4 33. Nd6 hxg3 34.
Nxf5 gxf5 35. Kg2 Kg7 36. Kxg3 Kg6 37. Ra6 c5 38. Rc6 Ra8 39. Rxc5 Ra3+ 40. Kf2
Nxf4 41. Rc8 Nd5 42. Ke2 Kg5 43. Rg8+ Kf4 44. Rxf7 Kxe5 45. Kd2 f4 46. Rg6 Kd6
47. Rf8 Ra2+ 48. Ke1 Ra3 49. Kf2 Re3 50. Rxf4 Nxf4 51. Rh6 Ra3 52. Rf6 Nd5 53.
Rh6 Ke5 54. Rh5+ Kd6 55. Rh6 Ra4 56. Ke2 Rf4 57. Kd3 Rf5 58. Ke4 Rf4+ 59. Kd3
Rg4 60. Ke2 Ke5 61. Kf3 Rg5 62. Rh8 Kf5 63. Rf8+ Nf6 64. Ra8 e5 65. Ra5 Rh5 66.
Kg3 Rh8 67. Kf3 Rb8 68. Ke3 Rb3+ 69. Kd2 Kf4 70. Ra6 Ng4 71. Kc2 Rg3 72. Kd2 e4
73. Ra4 Rg2+ 74. Ke1 Rb2 75. Ra8 Ke3 76. Ra3+ Kf4 77. Ra8 Kf3 78. Rf8+ Ke3 79.
Kd1 Ne5 80. Kc1 Rg2 81. Re8 Nd3+ 82. Kb1 Rh2 83. Ka1 Rh4 84. Kb1 Kd2 85. Ka1 e3
86. Kb1 e2 87. Ka2 e1=Q 88. Rxe1 Kxe1 0-1

[Event "Titled Tue 24th Jun Early"]
[Site "chess.com INT"]
[Date "2025.06.24"]
[Round "4"]
[White "Maghsoodloo, Parham"]
[Black "Galperin, Platon"]
[Result "1-0"]
[WhiteTitle "GM"]
[BlackTitle "GM"]
[WhiteElo "2691"]
[BlackElo "2500"]
[WhiteFideId "12539929"]
[BlackFideId "14165414"]
[EventDate "2025.06.24"]

1. d4 d6 2. c4 Nf6 3. Nc3 e5 4. Nf3 e4 5. Nh4 h6 6. g3 c6 7. d5 Na6 8. Ng2 g6 9.
Ne3 Bg7 10. Bg2 Qe7 11. O-O O-O 12. b3 Ng4 13. Qd2 Nxe3 14. Qxe3 f5 15. dxc6
bxc6 16. Ba3 Qe5 17. Rac1 Be6 18. Rfd1 Rfd8 19. Qd2 d5 20. cxd5 cxd5 21. f4 exf3
22. Bxf3 Rac8 23. Nb5 Rxc1 24. Bxc1 d4 25. Qa5 Rb8 26. Qxa6 d3 27. Nc7 Rb6 28.
Qxd3 Qxc7 29. Qd8+ Qxd8 30. Rxd8+ Kf7 31. Be3 Ra6 32. Rd2 g5 33. Rc2 Be5 34. Bc5
Ra5 35. Bf2 Bf6 36. Bc6 Bd8 37. Kg2 Bb6 38. Bxb6 axb6 39. Kf2 Kf6 40. Ke3 Ke5
41. Kd2 f4 42. gxf4+ Kxf4 43. Kd3 g4 44. Kd4 h5 45. e3+ Kg5 46. e4 h4 47. Bd5
Bd7 48. e5 Bf5 49. Re2 Ra7 50. e6 Kf6 51. Rf2 g3 52. hxg3 hxg3 53. Rf1 Rxa2 54.
Be4 Rf2 55. e7 Kxe7 56. Re1 Kf6 57. Bb7 g2 58. Rg1 Bh3 59. b4 Rf1 60. Rxg2 Bxg2
61. Bxg2 Rc1 62. Bd5 Ke7 63. Be4 Kd6 64. Bd3 Rg1 65. Kc4 Kc6 66. Be4+ Kc7 67.
Kb5 Rg5+ 68. Ka4 Rg4 69. Bd5 Rd4 70. Bf3 Kb8 71. Kb5 Ka7 72. Bg2 Rf4 73. Ka4 Rf5
74. Bc6 Kb8 75. Be4 Re5 76. Bg2 Ka7 77. Bh3 Ka6 78. Bf1+ b5+ 79. Kb3 Re3+ 80.
Kc2 Kb6 81. Bd3 Kc6 82. Kd2 Rg3 83. Kc2 Rh3 84. Kd2 Rh4 85. Kc3 Kb6 86. Kb3 Rh5
87. Kc3 Re5 88. Kd4 Rh5 89. Kc3 Kc6 90. Kd4 Kd6 91. Kc3 Rd5 92. Be4 Re5 93. Bd3
Ke6 94. Kd4 Kf6 95. Be4 Rg5 96. Bc6 Ke6 97. Bf3 Kd6 98. Be2 Rg4+ 99. Bxg4 Kc6
100. Ke5 Kb6 101. Kd5 1-0

[Event "Titled Tue 24th Jun Early"]
[Site "chess.com INT"]
[Date "2025.06.24"]
[Round "5"]
[White "Bratovic, Blaz"]
[Black "Newansa, M Esandi"]
[Result "1-0"]
[WhiteTitle "IM"]
[BlackTitle "WCM"]
[WhiteElo "2319"]
[BlackElo "1945"]
[WhiteFideId "14603551"]
[BlackFideId "9999060"]
[EventDate "2025.06.24"]

1. e4 c6 2. d4 d5 3. e5 Bf5 4. h4 h5 5. Bd3 Bxd3 6. Qxd3 e6 7. Nf3 Ne7 8. O-O
Nf5 9. Bg5 Be7 10. g3 f6 11. exf6 gxf6 12. Bf4 Kf7 13. c4 Nd7 14. Re1 Qa5 15.
Nc3 Nf8 16. Bd2 Qb6 17. b3 dxc4 18. bxc4 Rd8 19. Rab1 Qc7 20. d5 cxd5 21. cxd5
exd5 22. Qxf5 d4 23. Nd5 Qc5 24. Rxe7+ Kg8 25. Nxf6# 1-0

[Event "Titled Tue 24th Jun Early"]
[Site "chess.com INT"]
[Date "2025.06.24"]
[Round "5"]
[White "Mattenberger, Matthias"]
[Black "Gruzman, Ilya"]
[Result "0-1"]
[WhiteTitle "FM"]
[BlackTitle "CM"]
[WhiteElo "2286"]
[BlackElo "2165"]
[WhiteFideId "1339958"]
[BlackFideId "2812703"]
[EventDate "2025.06.24"]

1. e4 e5 2. Nf3 Nc6 3. Nc3 Nf6 4. d4 exd4 5. Nxd4 Bb4 6. Nxc6 bxc6 7. Bd3 O-O 8.
O-O Re8 9. Bg5 h6 10. Bh4 g5 11. Bg3 Bxc3 12. bxc3 Nxe4 13. Qh5 Qf6 14. Rae1 d5
15. f3 Nd6 16. Rxe8+ Nxe8 17. Re1 Ng7 0-1

[Event "Titled Tue 24th Jun Early"]
[Site "chess.com INT"]
[Date "2025.06.24"]
[Round "5"]
[White "Kislinsky, Alexey"]
[Black "Szpar, Milosz"]
[Result "0-1"]
[WhiteTitle "GM"]
[BlackTitle "IM"]
[WhiteElo "2341"]
[BlackElo "2495"]
[WhiteFideId "14108801"]
[BlackFideId "1184989"]
[EventDate "2025.06.24"]

1. d4 Nf6 2. c4 c5 3. Nf3 cxd4 4. Nxd4 e5 5. Nb5 d5 6. cxd5 Bc5 7. N5c3 O-O 8.
g3 Ng4 9. e3 f5 10. Be2 Nd7 11. Bxg4 fxg4 12. Qxg4 Nf6 13. Qc4 b6 14. e4 Ng4 15.
f4 exf4 16. Bxf4 g5 17. Bd2 Ne5 18. Qb3 Bg4 19. d6+ Kg7 20. Bf4 Nf3+ 0-1

[Event "Titled Tue 24th Jun Early"]
[Site "chess.com INT"]
[Date "2025.06.24"]
[Round "5"]
[White "Zou, Chen"]
[Black "Gavarrete, Nahun"]
[Result "1-0"]
[WhiteTitle "IM"]
[BlackTitle "FM"]
[WhiteElo "2443"]
[BlackElo "2281"]
[WhiteFideId "8610959"]
[BlackFideId "8400709"]
[EventDate "2025.06.24"]

1. e4 e5 2. Nf3 Nc6 3. Bb5 Nf6 4. d3 d6 5. c3 Be7 6. O-O O-O 7. Re1 Bg4 8. Nbd2
d5 9. h3 Bh5 10. Qe2 Bd6 11. Nf1 Re8 12. Ng3 Bg6 13. Bg5 h6 14. Bxf6 Qxf6 15.
exd5 Ne7 16. Bxe8 Rxe8 17. Nxe5 Nxd5 18. Ng4 Rxe2 19. Nxf6+ Nxf6 20. Rxe2 Bxd3
21. Rd2 Bg6 22. Rad1 Bf4 23. Rd8+ Kh7 24. Ne2 Be5 25. f4 Bd6 26. R8xd6 cxd6 27.
Rxd6 Ne4 28. Rd7 Nc5 29. Rc7 Nd3 30. Rxb7 Bh5 31. g4 Bg6 32. f5 1-0

[Event "Titled Tue 24th Jun Early"]
[Site "chess.com INT"]
[Date "2025.06.24"]
[Round "5"]
[White "Skliarov, Viktor"]
[Black "Swara Lakshmi S Nair"]
[Result "1-0"]
[WhiteTitle "IM"]
[BlackTitle "WCM"]
[WhiteElo "2334"]
[BlackElo "2187"]
[WhiteFideId "14106736"]
[BlackFideId "25629239"]
[EventDate "2025.06.24"]

1. e4 c5 2. Nf3 Nc6 3. Bb5 g6 4. O-O Bg7 5. Re1 d6 6. Bxc6+ bxc6 7. e5 d5 8. d3
e6 9. c4 Ne7 10. Nc3 O-O 11. Na4 Qa5 12. Bd2 Qc7 13. Nxc5 Rb8 14. b3 Rd8 15. Qe2
Nf5 16. Bg5 Re8 17. Rad1 Ba6 18. Nxa6 1-0

[Event "Titled Tue 24th Jun Early"]
[Site "chess.com INT"]
[Date "2025.06.24"]
[Round "5"]
[White "Melillo, Lucius"]
[Black "Sericano, Claudio"]
[Result "1-0"]
[WhiteTitle "FM"]
[BlackTitle "FM"]
[WhiteElo "2170"]
[BlackElo "2260"]
[WhiteFideId "30958245"]
[BlackFideId "800473"]
[EventDate "2025.06.24"]

1. d4 d5 2. Nc3 Nf6 3. Bf4 a6 4. e3 Bf5 5. Nf3 e6 6. Ne5 Bd6 7. g4 Bg6 8. h4 h5
9. Nxg6 fxg6 10. Bd3 Kf7 11. Bxd6 Qxd6 12. g5 Ng8 13. Qf3+ Ke7 14. Bxg6 Kd7 15.
Bxh5 Ne7 16. Bg4 Nbc6 17. O-O-O Rhf8 18. Qg2 b5 19. e4 Qf4+ 20. Kb1 Qxf2 21.
Qxf2 Rxf2 22. exd5 Nd8 23. dxe6+ Kc6 24. Rhf1 Rh2 25. Bf3+ 1-0

[Event "Titled Tue 24th Jun Early"]
[Site "chess.com INT"]
[Date "2025.06.24"]
[Round "5"]
[White "Grot, Blazej"]
[Black "Lerch, Johannes"]
[Result "1-0"]
[WhiteTitle "CM"]
[BlackTitle "FM"]
[WhiteElo "2187"]
[BlackElo "2204"]
[WhiteFideId "21835845"]
[BlackFideId "1658069"]
[EventDate "2025.06.24"]

1. e4 Nc6 2. Nf3 d6 3. d4 Nf6 4. Nc3 Bg4 5. Be3 e6 6. Be2 d5 7. e5 Ne4 8. O-O
Nxc3 9. bxc3 Be7 10. Rb1 Na5 11. Nd2 Bxe2 12. Qxe2 O-O 13. f4 g6 14. g4 Kh8 15.
f5 gxf5 16. gxf5 Bg5 17. Kh1 Bxe3 18. Qxe3 Qh4 19. Rg1 Rg8 20. Nf3 Qh5 21. Ng5
h6 22. Nxf7+ Qxf7 23. Qxh6+ Qh7 24. Qf6+ Rg7 25. Rg6 Rg8 26. Rh6 1-0